01264nam a2200349 a 450000100060000000300080000600500170001400600190003100700150005000800410006502000180010603500210012404000300014505000240017508000130019908200170021224501000022926000420032930000110037158800830038259001620046565000300062765000190065765000280067665000280070465500270073270000290075970000290078879700180081785600620083599900170089719792FINmELB20241216213807.0m o u cr cn|||||||||201001r2007 ag o 000 0 spa d z9789875910638 a(OCoLC)992032332 aFINmELBcFINmELBdFINmELB 4aLB1028.3bR311 2007 a681.3:3704a371.307822200a¿Recursos virtuales para problemas reales? /ccompilado por Ximena Triquell, Elizabeth Vidal. aCórdoba :bEditorial Brujas,c2007. a114 p. aDescripción basada en metadatos suministrados por el editor y otras fuentes. aRecurso electrónico. Santa Fe, Arg.: elibro, 2020. Disponible vía World Wide Web. El acceso puede estar limitado para las bibliotecas afiliadas a elibro. 4aTecnología educacional. 4aInformática. 4aEducational technology. 4aInformation technology. 4aLibros electrónicos.1 aTriquell, Ximena,ecomp.1 aVidal, Elizabeth,ecomp.2 aelibro, Corp.40uhttps://elibro.net/ereader/politecnicointernacional/77986 c19792d19792